[Event "OP-2013-0-02936"]
[White "Hlavinkova, Libuska"]
[Black "Novoa, Nicolas"]
[Site "LSS email"]
[Round "?"]
[Result "1-0"]
[Date "2013.08.10"]
[WhiteElo "1605"]
[BlackElo "295"]
[PlyCount "41"]
[EventDate "2013.08.08"]
[EventType "tourn (corr)"]
[EventRounds "4"]
[EventCountry "GER"]
[SourceTitle "Telechess CBM 167"]
[Source "ChessBase"]
[SourceDate "2015.07.13"]
[SourceVersion "1"]
[SourceVersionDate "2015.07.13"]
[SourceQuality "1"]

1. e4 e5 2. f4 Nf6 3. fxe5 Nxe4 4. Nf3 d5 5. d3 Nc5 6. d4 Ne4 7. Bd3 Bg4 8. 0-0 Bb4 9. c3 Ba5 10. Qb3 f5 11. Qxb7 Nc6 12. Qxc6+ Ke7 13. Bxe4 Rb8 14. Bg5+ Kf7 15. Bxd8 Rbxd8 16. Ng5+ Kf8 17. Bxf5 g6 18. Bxg4+ Kg8 19. Qe6+ Kg7 20. Qf6+ Kh6 21. Nf7# 1-0

[Event "OP-2013-0-02933"]
[White "Cardoso do Espirito Santo, Rubens"]
[Black "Hlavinkova, Libuska"]
[Site "LSS email"]
[Round "?"]
[Result "1/2-1/2"]
[Date "2013.08.09"]
[WhiteElo "1800"]
[BlackElo "1595"]
[PlyCount "62"]
[EventDate "2013.08.06"]
[EventType "tourn (corr)"]
[EventRounds "4"]
[EventCountry "GER"]
[SourceTitle "Telechess CBM 167"]
[Source "ChessBase"]
[SourceDate "2015.07.13"]
[SourceVersion "1"]
[SourceVersionDate "2015.07.13"]
[SourceQuality "1"]

1. e4 e5 2. Nf3 Nc6 3. Bb5 Nf6 4. d3 Bc5 5. c3 0-0 6. 0-0 d6 7. Nbd2 h6 8. h3 a6 9. Bxc6 bxc6 10. d4 exd4 11. cxd4 Bb6 12. b3 Re8 13. Re1 d5 14. e5 Nd7 15. b4 a5 16. bxa5 Bxa5 17. Qc2 Re6 18. Re3 Bb4 19. Nb3 Nb6 20. Bd2 Be7 21. Na5 Bd7 22. Rb3 Rg6 23. h4 Nc4 24. h5 Rg4 25. Nxc4 dxc4 26. Re3 Be6 27. Rd1 Qd5 28. g3 Ra3 29. Bc3 Bg5 30. Nxg5 Rxg5 31. Qb2 Bh3 1/2-1/2

[Event "ZL-2013-0-01323"]
[White "Lenz, Juergen"]
[Black "Hlavinkova, Libuska"]
[Site "LSS email"]
[Round "?"]
[Result "1-0"]
[Date "2013.07.25"]
[WhiteElo "1083"]
[BlackElo "1542"]
[PlyCount "63"]
[EventDate "2013.07.07"]
[EventType "match (corr)"]
[EventRounds "2"]
[EventCountry "GER"]
[SourceTitle "Telechess CBM 161"]
[Source "ChessBase"]
[SourceDate "2014.07.16"]
[SourceVersion "1"]
[SourceVersionDate "2014.07.16"]
[SourceQuality "1"]

1. d4 e6 2. Nf3 d5 3. Bf4 Nf6 4. e3 c5 5. c3 Nc6 6. Nbd2 Bd6 7. Bxd6 Qxd6 8. Bd3 Bd7 9. 0-0 h5 10. Qe2 0-0-0 11. e4 e5 12. exd5 Qxd5 13. Bc4 Qd6 14. dxe5 Nxe5 15. Qxe5 Be8 16. Qxd6 Rxd6 17. Nb3 b6 18. Rad1 Ne4 19. Bd5 Nf6 20. Bc4 Ne4 21. Rxd6 Nxd6 22. Bd5 Bb5 23. Re1 Bc4 24. Bxc4 Nxc4 25. Re2 Rd8 26. g3 Rd1+ 27. Kg2 f6 28. Nh4 g5 29. Nf5 Kb7 30. Ng7 h4 31. gxh4 gxh4 32. Nf5 1-0